Zlepšovanie výrobného procesu produktu POLAR C pomocou DMAIC cyklu

Gespeichert in:
Bibliographische Detailangaben
1. Verfasser: Labudová, Zuzana, 1990- (Verfasst von)
Weitere Verfasser: Nemec, Matej, 1988- (Betreuung Doktorarbeit)
Format: Manuskript Buch
Sprache:Slowakisch
Veröffentlicht: Trnava : STU v Bratislave MTF UBEI, 2014
Schlagworte:
Online-Zugang:VAIS
Tags: Tag hinzufügen
Keine Tags, Fügen Sie das erste Tag hinzu!

MARC

LEADER 00000ntm a22000003a 4500
001 stu291839
005 20150617230301.2
008 140619s2014----xo------------------slo-d
040 |a STU  |b slo 
041 0 |a slo 
044 |a xo 
100 1 |a Labudová, Zuzana,  |d 1990-  |4 aut  |u M  |T MTF Materiálovotechnologická fakulta  |X 59989  |U M  |Y 60  |7 A000059989 
242 0 0 |a Improving the manufacturing process of the product Polar C using DMAIC cycle  |y eng 
245 1 |a Zlepšovanie výrobného procesu produktu POLAR C pomocou DMAIC cyklu 
260 |a Trnava :  |b STU v Bratislave MTF UBEI,  |c 2014 
300 |a 74s  |c CD 
650 7 |a Engineering of Production Quality  |2 estusub 
650 7 |a spôsobilosť meradla  |2 stusub 
700 1 |a Nemec, Matej,  |d 1988-  |4 ths  |X 56890  |7 A000056890 
856 4 |a info a plný text  |u http://is.stuba.sk/zp/portal_zp.pl?podrobnosti=99036  |3 VAIS 
996 |c M*DP-11895  |l MMSKP  |s P  |a 0  |w stu291839_0001